The march to the sea - Franklin and Nashville (Record no. 244)
[ view plain ]
| 000 -LEADER | |
|---|---|
| fixed length control field | 01311nam a2200301Ia 4500 |
| 100 1# - MAIN ENTRY--AUTHOR NAME | |
| Personal name | Cox, Jacob D. |
| 245 14 - TITLE STATEMENT | |
| Title | The march to the sea - Franklin and Nashville |
| 260 ## - PUBLICATION, DISTRIBUTION, ETC. (IMPRINT) | |
| Place of publication | Scituate, Mass. : |
| Name of publisher | Digital Scanning, |
| Year of publication | 2001. |
| 300 ## - PHYSICAL DESCRIPTION | |
| Number of Pages | ix p., 1 l., 265, [1] p. : |
| Other physical details | incl. maps, port. |
| 490 0# - SERIES STATEMENT | |
| Series statement | The army in the civil war ; |
| 500 ## - GENERAL NOTE | |
| General note | Originally published: The march to the sea: Franklin and Nashville. New York :C. Scribner's Sons, [c1885]. |
| 650 #0 - SUBJECT ADDED ENTRY--TOPICAL TERM | |
| Topical Term | Sherman's March to the Sea. |
| 856 40 - ELECTRONIC LOCATION AND ACCESS | |
| Uniform Resource Identifier | http://site.ebrary.com/lib/rucke/Doc?id=5003690 |
No items available.
